000 00749nam a2200205Ii 4500
003 JO-AjNU
008 230605s9999||||xx |||||||||||||| ||und||
040 _aJO-AjNU
_bara
_erda
_cJO-AjNU
041 _aara
050 1 4 _aKMU169.H3464.1966
100 3 _aحيدر ، نصرة منلا,
_eauthor
_942679
245 0 0 _aطرق التنفيذ الجبري واجراءات التوزيع
250 _a(د،ط)
264 3 1 _aدمشق : مطابع فتى العرب ، 1966
300 _a704ص
336 _atext
_btxt
_2rdacontent
337 _aunmediated
_bn
_2rdamedia
338 _avolume
_bnc
_2rdacarrier
650 4 _aتنفيذ الاحكام -- سوريا -- التنفيذ الجبري -- قوانين وتشريعات -- سوريا
_942680
999 _aA18293
_c21861
_d21861